00861cam a2200229 a 450000100100000000500170001000800410002702000150006804000180008308200200010110000510012124500990017226000360027130000270030765000300033465000270036465000350039170000330042691000340045995201230049399900150061600000986120200929161733.0050719s2004 ve a 000 p spa  a9801210443 aDO-SdBNPcDLC aV861.44bY22ó1 aYánez Marín, Elías José,d1973-92479710aOración a la mujer de galleta /cElías José Yánez Marín ; prólogo de Javier Vidal. aMadrid :bContemporanea,c2004. a69 p. :bil. ;c22 cm. 4aPoesía venezolana94230 4aPoesía amorosa99227 4aSentimientosxPoesías9247981 aVidal, Javier,eprol.924799 aCatalogación por copia / LC 001052708MOaGRbGRcCTd2009-10-01iLF1l0oV861.44 Y22óp9861-10r2020-06-25w2020-06-25y2ZPréstamo interno c9620d9620